[Event "35th WCh U20 Girls"]
[Site "Tarvisio ITA"]
[Date "2017.11.19"]
[Round "6"]
[White "Injac, Teodora"]
[Black "Trippold, Denise"]
[Result "1-0"]
[WhiteElo "2244"]
[BlackElo "2104"]
[EventDate "2017.11.13"]
[PlyCount "89"]

1.d4 Nf6 2.Nf3 e6 3.e3 b6 4.Bd3 Bb7 5.O-O c5 6.c4 Nc6 7.Nc3 d5 8.cxd5 exd5
9.e4 cxd4 10.Nxd5 Be7 11.Nxe7 Qxe7 12.e5 Nd5 13.Bg5 Qd7 14.Re1 Nc7 15.Rc1 
Ne6 16.Bf5 O-O 17.Qd2 Rac8 18.Re4 Ne7 19.Rxc8 Rxc8 20.Rxd4 Qe8 21.Bxe6 
fxe6 22.Rd7 Rc1+ 23.Qxc1 Qxd7 24.Bxe7 Bxf3 25.gxf3 Qxe7 26.Qc8+ Kf7 27.f4 
Qh4 28.Qd7+ Kf8 29.Qxe6 Qxf4 30.Qd6+ Ke8 31.Qb8+ Ke7 32.Qxa7+ Ke8 33.Qxg7 
Qc1+ 34.Kg2 Qxb2 35.Qg8+ Ke7 36.Qxh7+ Ke6 37.Qg6+ Ke7 38.Qg7+ Ke8 39.Qg8+ 
Ke7 40.e6 Qe2 41.Qf7+ Kd6 42.Qd7+ Ke5 43.Kg3 Qe4 44.Qg7+ Kxe6 45.Qg4+ 1-0

[Event "35th WCh U20 Girls"]
[Site "Tarvisio ITA"]
[Date "2017.11.19"]
[Round "6"]
[White "Hincu, Olga"]
[Black "Arpita, Mukherjee"]
[Result "0-1"]
[WhiteElo "2118"]
[BlackElo "2210"]
[EventDate "2017.11.13"]
[PlyCount "106"]

1.d4 Nf6 2.Nf3 g6 3.Bf4 Bg7 4.e3 O-O 5.Be2 d6 6.h3 Nbd7 7.O-O b6 8.c4 Bb7 
9.Nc3 c5 10.d5 a6 11.a4 Ne8 12.Qc2 Nc7 13.Rfd1 f5 14.Nd2 Nf6 15.Bf3 Kh8 
16.Bh2 b5 17.a5 Nd7 18.Ne2 Ne5 19.e4 Bc8 20.Bxe5 Bxe5 21.exf5 Bxf5 22.Be4 
Qd7 23.Ra3 Bxe4 24.Nxe4 bxc4 25.Re3 Qf5 26.Qxc4 Bxb2 27.N2g3 Qf7 28.Ne2 
Rab8 29.Rf3 Qg7 30.Rb3 Rxb3 31.Qxb3 Qe5 32.Qd3 Nb5 33.f4 Bd4+ 34.Nxd4 
Qxd4+ 35.Qxd4+ Nxd4 36.Re1 Rxf4 37.Nc3 Rf7 38.Rb1 Nc2 39.Rb6 Nb4 40.Ne4 
Rf5 41.Rb8+ Kg7 42.Rb7 Kf8 43.Rb8+ Kf7 44.Rh8 Kg7 45.Re8 Nxd5 46.Ra8 Re5 
47.Nd2 Nb4 48.Nc4 Re1+ 49.Kf2 Rc1 50.Nb6 c4 51.Ra7 c3 52.Rxe7+ Kf6 53.Rc7 
c2 0-1

[Event "35th WCh U20 Girls"]
[Site "Tarvisio ITA"]
[Date "2017.11.19"]
[Round "6"]
[White "Lasya, Goli"]
[Black "Janzelj, Lara"]
[Result "0-1"]
[WhiteElo "2087"]
[BlackElo "2192"]
[EventDate "2017.11.13"]
[PlyCount "74"]

1.e4 e5 2.Nf3 Nc6 3.Bb5 a6 4.Ba4 b5 5.Bb3 g6 6.d4 exd4 7.Nxd4 Na5 8.O-O 
Bg7 9.c3 Nxb3 10.axb3 Bb7 11.b4 Ne7 12.Re1 d6 13.Bg5 h6 14.Bh4 O-O 15.Nb3 
g5 16.Na5 Bc8 17.Bg3 Be6 18.Nd2 Qd7 19.Nf3 f5 20.exf5 Nxf5 21.Nd4 Nxd4 22.
cxd4 Bd5 23.Qd2 Rae8 24.h3 Rf7 25.Rxe8+ Qxe8 26.Re1 Re7 27.Re3 Re4 28.Qc3 
h5 29.h4 Qg6 30.hxg5 h4 31.Qxc7 hxg3 32.Qc1 Bf8 33.Rxg3 Rh4 34.Rh3 Be6 35.
Qc3 Bxh3 36.Nc6 Qb1+ 37.Kh2 Bxg2+ 0-1

[Event "35th WCh U20 Girls"]
[Site "Tarvisio ITA"]
[Date "2017.11.19"]
[Round "6"]
[White "Mahalakshmi, Muganda Kumar"]
[Black "Auvray, Honorine"]
[Result "1/2-1/2"]
[WhiteElo "2191"]
[BlackElo "1987"]
[EventDate "2017.11.13"]
[PlyCount "76"]

1.Nf3 g6 2.d4 Bg7 3.g3 c5 4.Bg2 cxd4 5.Nxd4 Nf6 6.O-O O-O 7.c4 d6 8.Nc3 a6
9.b3 Nbd7 10.Bb2 Rb8 11.Rc1 Nc5 12.b4 Ne6 13.Na4 Nxd4 14.Bxd4 b5 15.cxb5 
axb5 16.Ba7 Rb7 17.Bxb7 Bxb7 18.Nc3 Qd7 19.f3 Bxf3 20.exf3 Qxa7+ 21.Kg2 
Qb7 22.Qe2 Bh6 23.Rce1 Rc8 24.Qxb5 Qa8 25.Ne4 Nd5 26.Rf2 f5 27.Nd2 Qxa2 
28.Nf1 Rc2 29.Rxc2 Qxc2+ 30.Re2 Qb3 31.Qd7 Qc4 32.Qe6+ Kf8 33.f4 Bxf4 34.
Kf2 Qd4+ 35.Kg2 Qc4 36.Kf2 Qd4+ 37.Kg2 Qc4 38.Kf2 Qd4+ 1/2-1/2

[Event "35th WCh U20 Girls"]
[Site "Tarvisio ITA"]
[Date "2017.11.19"]
[Round "6"]
[White "Rozman, Monika"]
[Black "Ning Kaiyu"]
[Result "1-0"]
[WhiteElo "2049"]
[BlackElo "2173"]
[EventDate "2017.11.13"]
[PlyCount "79"]

1.e4 e6 2.d4 d5 3.Nd2 c5 4.exd5 Qxd5 5.Ngf3 cxd4 6.Bc4 Qd7 7.O-O Nc6 8.Nb3
a6 9.Re1 b5 10.Bf1 Bb7 11.Nbxd4 Rd8 12.c3 Nf6 13.Qb3 Nxd4 14.Nxd4 Bd5 15.
Qc2 Qc7 16.a4 Ng4 17.g3 Ba8 18.Qf5 h5 19.Nxe6 fxe6 20.Rxe6+ Be7 21.Bg5 Nf6
22.Rae1 Rd7 23.Bxf6 gxf6 24.Rxa6 Qb7 25.Rxa8+ Qxa8 26.Bxb5 Qa7 27.Qxf6 Rh7
28.Qg6+ Rf7 29.Re3 Kf8 30.Qxh5 Bf6 31.Bxd7 Qxd7 32.a5 Rh7 33.Qg6 Qd1+ 34.
Kg2 Qd5+ 35.Qe4 Qd7 36.h4 Rh5 37.a6 Re5 38.Qa8+ Ke7 39.Rxe5+ Bxe5 40.Qb7 
1-0

[Event "35th WCh U20 Girls"]
[Site "Tarvisio ITA"]
[Date "2017.11.19"]
[Round "6"]
[White "Altantuya, Boldbaatar"]
[Black "Gueci, Tea"]
[Result "1/2-1/2"]
[WhiteElo "1948"]
[BlackElo "2161"]
[EventDate "2017.11.13"]
[PlyCount "98"]

1.d4 Nf6 2.Nf3 c5 3.c3 g6 4.Bf4 Bg7 5.e3 O-O 6.h3 b6 7.Bd3 Bb7 8.Nbd2 Nc6 
9.O-O d5 10.Bh2 Nd7 11.Qe2 e5 12.dxe5 Ndxe5 13.Ba6 Qc8 14.Bxb7 Qxb7 15.
Nxe5 Nxe5 16.Nf3 Nc4 17.Rad1 Rfe8 18.Rd3 b5 19.Rfd1 Nb6 20.Qc2 Rac8 21.Bf4
h6 22.R3d2 a5 23.Qd3 Qc6 24.a3 b4 25.axb4 axb4 26.Rc1 bxc3 27.bxc3 Ra8 28.
Rb1 Ra3 29.Rc2 Na4 30.Rbc1 Re4 31.Nd2 c4 32.Qf1 Re8 33.e4 dxe4 34.Nxc4 
Rxc3 35.Rxc3 Nxc3 36.Bxh6 Na2 37.Ra1 Bxh6 38.Rxa2 Rc8 39.Ne3 Qb6 40.Re2 
Qd4 41.Kh2 Qd3 42.Qd1 Qb5 43.Nd5 Rc1 44.Ne7+ Kh7 45.Qd5 Qxd5 46.Nxd5 f5 
47.Ra2 Bg7 48.g3 Rc5 49.Nf4 Rc6 1/2-1/2

[Event "35th WCh U20 Girls"]
[Site "Tarvisio ITA"]
[Date "2017.11.19"]
[Round "6"]
[White "Fernandez Rivero, Karla July"]
[Black "Pratyusha, Bodda"]
[Result "0-1"]
[WhiteElo "1986"]
[BlackElo "2152"]
[EventDate "2017.11.13"]
[PlyCount "110"]

1.d4 Nf6 2.c4 e6 3.Nf3 d5 4.g3 Be7 5.Bg2 O-O 6.O-O dxc4 7.Qc2 a6 8.Qxc4 b5
9.Qc2 Bb7 10.Bd2 Be4 11.Qb3 c5 12.dxc5 Nbd7 13.Nc3 Nxc5 14.Qd1 Bb7 15.a3 
Rc8 16.Bg5 Qb6 17.e3 h6 18.Bf4 Rfd8 19.Qe2 Nfe4 20.Nxe4 Bxe4 21.Ne5 Bxg2 
22.Kxg2 f6 23.Ng6 Qb7+ 24.Qf3 Kf7 25.Qxb7 Nxb7 26.Nxe7 Kxe7 27.e4 e5 28.
Be3 Nd6 29.Bb6 Rd7 30.Rac1 Rxc1 31.Rxc1 Nxe4 32.Rc7 Rxc7 33.Bxc7 Nd2 34.
Ba5 Nc4 35.Bb4+ Ke6 36.b3 Nd6 37.g4 g6 38.Bd2 Nf7 39.Kf3 Kd5 40.Ke3 f5 41.
gxf5 gxf5 42.f3 h5 43.Bc3 Nd6 44.a4 Nb7 45.axb5 axb5 46.b4 Nd8 47.Kd3 Nf7 
48.Bd2 Nd8 49.Bc3 Ne6 50.Bb2 h4 51.Ke3 h3 52.Kd3 f4 53.Ke2 Nd4+ 54.Kf2 Kc4
55.Ba3 Kb3 0-1

[Event "35th WCh U20 Girls"]
[Site "Tarvisio ITA"]
[Date "2017.11.19"]
[Round "6"]
[White "Lahav, Michal"]
[Black "Priyanka, K."]
[Result "0-1"]
[WhiteElo "2148"]
[BlackElo "2046"]
[EventDate "2017.11.13"]
[PlyCount "80"]

1.d4 Nf6 2.c4 g6 3.Nc3 Bg7 4.e4 d6 5.Nf3 O-O 6.Be2 e5 7.dxe5 dxe5 8.Qxd8 
Rxd8 9.Bg5 Nbd7 10.Nd5 c6 11.Ne7+ Kf8 12.Nxc8 Raxc8 13.O-O-O Nxe4 14.Bxd8 
Rxd8 15.Rhf1 f5 16.Kc2 a5 17.Ne1 Nec5 18.Nd3 Ne6 19.Rfe1 e4 20.Nc1 Nd4+ 
21.Kb1 Nc5 22.Bf1 Re8 23.Re3 Nce6 24.Rh3 h5 25.Ra3 b6 26.Re1 Bh6 27.Nb3 c5
28.Nxd4 cxd4 29.Rd1 Rd8 30.Rg3 Kf7 31.Rb3 Rd6 32.Rb5 Nc5 33.g3 d3 34.h4 
Bg7 35.Bg2 Bd4 36.Rd2 Bxf2 37.Rxf2 d2 38.Rf1 d1=Q+ 39.Rxd1 Rxd1+ 40.Kc2 
Rg1 0-1

[Event "35th WCh U20 Girls"]
[Site "Tarvisio ITA"]
[Date "2017.11.19"]
[Round "6"]
[White "Cramling-Bellon, Anna"]
[Black "Parnali, S. Dharia"]
[Result "1/2-1/2"]
[WhiteElo "1943"]
[BlackElo "2136"]
[EventDate "2017.11.13"]
[PlyCount "88"]

1.d4 d5 2.c4 e6 3.Nc3 Nf6 4.cxd5 exd5 5.Bg5 Be7 6.e3 c6 7.Bd3 Nbd7 8.Qc2 
Nh5 9.Bxe7 Qxe7 10.Nge2 g6 11.O-O O-O 12.Rae1 f5 13.Nc1 Ndf6 14.f3 Qd6 15.
Nb3 Bd7 16.Ne2 Rae8 17.Qd2 Re7 18.Nf4 Rfe8 19.g3 Ng7 20.Bc2 Bc8 21.Nd3 Nd7
22.Nbc5 Nxc5 23.dxc5 Qf6 24.f4 Ne6 25.b4 Nd8 26.Ne5 Nf7 27.Nxf7 Kxf7 28.
Kf2 b6 29.Qd4 Ba6 30.Qxf6+ Kxf6 31.Rg1 d4 32.Ba4 dxe3+ 33.Kf3 Re6 34.Rc1 
bxc5 35.Rxc5 Bb7 36.Re1 h6 37.h4 R8e7 38.a3 e2 39.Kf2 Re3 40.Bxc6 Rxa3 41.
Rxe2 Rxe2+ 42.Kxe2 Bxc6 43.Rxc6+ Kf7 44.Kf2 Kg7 1/2-1/2

[Event "35th WCh U20 Girls"]
[Site "Tarvisio ITA"]
[Date "2017.11.19"]
[Round "6"]
[White "Ivanova, Simoneta"]
[Black "Petraki, Evaggelia"]
[Result "1-0"]
[WhiteElo "2137"]
[BlackElo "1854"]
[EventDate "2017.11.13"]
[PlyCount "31"]

1.d4 Nf6 2.c4 e6 3.Nc3 Bb4 4.e3 O-O 5.Bd3 d5 6.Ne2 c5 7.O-O cxd4 8.exd4 b6
9.Bg5 dxc4 10.Be4 Bd6 11.Bxf6 gxf6 12.Bxa8 Qc7 13.Ng3 Nc6 14.Nb5 Qd7 15.
Nxd6 Qxd6 16.Ne4 1-0

[Event "35th WCh U20 Girls"]
[Site "Tarvisio ITA"]
[Date "2017.11.19"]
[Round "6"]
[White "Li Zhuoling"]
[Black "Kiolbasa, Oliwia"]
[Result "1/2-1/2"]
[WhiteElo "2006"]
[BlackElo "2206"]
[EventDate "2017.11.13"]
[PlyCount "76"]

1.e4 e5 2.Nf3 Nc6 3.Bb5 a6 4.Ba4 Nf6 5.O-O Be7 6.Re1 b5 7.Bb3 d6 8.c3 O-O 
9.h3 Na5 10.Bc2 c5 11.d4 Qc7 12.Nbd2 Rd8 13.d5 c4 14.Nf1 Nb7 15.Ng3 Nc5 
16.Nh2 a5 17.f4 Rb8 18.Qf3 b4 19.Ng4 Nxg4 20.hxg4 Bd7 21.f5 f6 22.Nh5 Be8 
23.Re3 Rdc8 24.Qf2 Qa7 25.Rh3 Bd8 26.Kh2 h6 27.Qh4 Bxh5 28.gxh5 Qf7 29.Qg4
Kf8 30.Qe2 Nd7 31.Bd2 Kg8 32.Rf1 Nf8 33.Rff3 Nh7 34.Rfg3 Ng5 35.Bxg5 fxg5 
36.Ba4 Rc5 37.b3 cxb3 38.axb3 Rbc8 1/2-1/2

[Event "35th WCh U20 Girls"]
[Site "Tarvisio ITA"]
[Date "2017.11.19"]
[Round "6"]
[White "Barbosa, Larissa Ichimura"]
[Black "Di Benedetto, Desiree"]
[Result "0-1"]
[WhiteElo "1913"]
[BlackElo "2190"]
[EventDate "2017.11.13"]
[PlyCount "48"]

1.e4 c5 2.Nf3 Nc6 3.c3 d5 4.exd5 Qxd5 5.d4 Bf5 6.Be3 Nf6 7.Nbd2 cxd4 8.Bc4
dxe3 9.Bxd5 exd2+ 10.Qxd2 O-O-O 11.Qf4 Rxd5 12.Nd4 Bd7 13.Nxc6 Bxc6 14.O-O
e6 15.Rad1 Rf5 16.Qc4 Bc5 17.b4 Rg5 18.g3 Bb6 19.a4 Ne4 20.b5 Rc5 21.Qd4 
Ng5 22.f3 Rxc3 23.bxc6 Bxd4+ 24.Rxd4 Nxf3+ 0-1

[Event "35th WCh U20 Girls"]
[Site "Tarvisio ITA"]
[Date "2017.11.19"]
[Round "6"]
[White "San Diego, Marie Antoinette"]
[Black "Shepherd, Katherine"]
[Result "1-0"]
[WhiteElo "2116"]
[BlackElo "1918"]
[EventDate "2017.11.13"]
[PlyCount "63"]

1.d4 d5 2.Bf4 c5 3.e3 Nc6 4.c3 Qb6 5.Qb3 c4 6.Qc2 Nf6 7.Nd2 g6 8.e4 Nxe4 
9.Nxe4 dxe4 10.Bxc4 Bf5 11.Be3 Qc7 12.Ne2 e5 13.d5 Ne7 14.Bb5+ Bd7 15.d6 
Qxd6 16.Rd1 Qxd1+ 17.Qxd1 Bxb5 18.Qd6 Bg7 19.Bg5 Nc6 20.Bf6 Bxf6 21.Qxf6 
O-O 22.Ng3 Bd3 23.h4 h5 24.Rh3 Nd8 25.Nf5 Ne6 26.Rg3 Kh7 27.Ne7 Nf4 28.Rg5
Rad8 29.Nf5 Ne6 30.Rxh5+ gxh5 31.Qh6+ Kg8 32.Ne7# 1-0

[Event "35th WCh U20 Girls"]
[Site "Tarvisio ITA"]
[Date "2017.11.19"]
[Round "6"]
[White "Bidhar, Rutumbara"]
[Black "Choladze, Mariami"]
[Result "0-1"]
[WhiteElo "1904"]
[BlackElo "2112"]
[EventDate "2017.11.13"]
[PlyCount "114"]

1.d4 Nf6 2.c4 e6 3.Nc3 Bb4 4.e3 O-O 5.Ne2 b6 6.a3 Be7 7.Ng3 Bb7 8.e4 d6 9.
Bd3 Re8 10.f4 e5 11.fxe5 dxe5 12.d5 Bc5 13.Qf3 Nbd7 14.Rb1 Bd4 15.Nce2 c6 
16.Be3 Nc5 17.Bxd4 exd4 18.O-O cxd5 19.cxd5 Bxd5 20.exd5 Re3 21.Bxh7+ Kxh7
22.Qf5+ Kg8 23.Nxd4 Qxd5 24.Qxd5 Nxd5 25.Rbd1 Rd3 26.b4 Ne3 27.Rxd3 Nxd3 
28.Rf3 Re8 29.Ndf5 Nxf5 30.Rxd3 Nxg3 31.Rxg3 Re1+ 32.Kf2 Ra1 33.Rc3 g6 34.
Kf3 Kg7 35.Ke4 Ra2 36.Rg3 f5+ 37.Ke5 Re2+ 38.Kd4 Kf6 39.Kd3 Ra2 40.Kc4 g5 
41.Kb3 Re2 42.Kc4 f4 43.Rg4 Kf5 44.h3 Ra2 45.Kb3 Ra1 46.b5 Rf1 47.Kc4 f3 
48.Kd3 fxg2 49.Rxg2 Rf3+ 50.Kd4 Rxh3 51.Rf2+ Kg4 52.Ra2 Kf3 53.a4 g4 54.
Ra3+ Kf4 55.Ra1 g3 56.Rf1+ Kg4 57.Rf7 g2 0-1

[Event "35th WCh U20 Girls"]
[Site "Tarvisio ITA"]
[Date "2017.11.19"]
[Round "6"]
[White "Silva, Mariana Sofia"]
[Black "Salonika, Saina"]
[Result "1-0"]
[WhiteElo "1883"]
[BlackElo "2025"]
[EventDate "2017.11.13"]
[PlyCount "161"]

1.e4 c5 2.Nf3 d6 3.d4 cxd4 4.Nxd4 Nf6 5.Nc3 a6 6.Be2 e5 7.Nb3 Be7 8.O-O 
O-O 9.Re1 b5 10.a4 b4 11.Nd5 Nxd5 12.Qxd5 Ra7 13.Be3 Be6 14.Qd2 Rd7 15.
Qxb4 Qc8 16.Bd3 Rfd8 17.Bb6 d5 18.Bc5 Rb7 19.Qa5 Bxc5 20.Qxc5 Rc7 21.Qe3 
d4 22.Qg3 Bxb3 23.cxb3 Nd7 24.f4 exf4 25.Qxf4 Nc5 26.Bc4 Qb8 27.Rf1 Rdd7 
28.Rac1 Qb6 29.Kh1 h6 30.e5 Ne6 31.Qe4 Qc6 32.Qg4 Qc5 33.Rce1 a5 34.Bxe6 
fxe6 35.Qxe6+ Kh7 36.Qf5+ g6 37.Qg4 d3 38.Rf6 Rg7 39.Qd1 Qc2 40.Rd6 Rge7 
41.Rxd3 Rxe5 42.Rxe5 Qxd3 43.Qe1 Qxb3 44.h3 Qxa4 45.Rxa5 Qb3 46.Qe5 Qb8 
47.Rb5 Rc1+ 48.Kh2 Qxe5+ 49.Rxe5 Rc2 50.Rb5 g5 51.Rb6 h5 52.Kg3 Rd2 53.Kf3
Rd3+ 54.Ke2 Rg3 55.Kf2 h4 56.b4 Rb3 57.b5 Rb2+ 58.Kf3 Rb3+ 59.Kg4 Rg3+ 60.
Kh5 Rxg2 61.Rh6+ Kg7 62.Rg6+ Kh7 63.Rxg5 Rb2 64.Kxh4 Kh6 65.Re5 Kg6 66.
Re6+ Kf5 67.Rb6 Rb3 68.Rb8 Rc3 69.Rf8+ Kg6 70.Kg4 Rb3 71.Rg8+ Kf6 72.Rb8 
Rb4+ 73.Kh5 Rb3 74.h4 Rb4 75.b6 Rb5+ 76.Kh6 Kf7 77.h5 Rb2 78.b7 Rb6+ 79.
Kh7 Rb5 80.h6 Rb6 81.Rg8 1-0

[Event "35th WCh U20 Girls"]
[Site "Tarvisio ITA"]
[Date "2017.11.19"]
[Round "6"]
[White "Sibajeva, Marija"]
[Black "Stashis, Anna"]
[Result "1/2-1/2"]
[WhiteElo "2016"]
[BlackElo "1907"]
[EventDate "2017.11.13"]
[PlyCount "106"]

1.e4 c5 2.Nf3 Nc6 3.Bb5 d6 4.d4 cxd4 5.Qxd4 Bd7 6.Bxc6 Bxc6 7.Nc3 h6 8.Be3
e5 9.Qd3 Nf6 10.O-O-O Be7 11.Nd2 O-O 12.Nc4 b5 13.Nxd6 b4 14.Nb1 Bxd6 15.
Qxd6 Qxd6 16.Rxd6 Bxe4 17.Nd2 Bh7 18.Nf3 Rfc8 19.Rd2 Ne4 20.Re2 f6 21.Rd1 
a5 22.Ne1 a4 23.f3 Nc5 24.Rd5 Ne6 25.Rd6 Nd8 26.Rb6 Rcb8 27.Bc5 Rxb6 28.
Bxb6 Nc6 29.Rd2 b3 30.a3 bxc2 31.Rd6 Rc8 32.Rd5 Rb8 33.Be3 Ra8 34.Nxc2 Na5
35.Bb6 Nb3+ 36.Kd1 Rc8 37.Rd8+ Rxd8+ 38.Bxd8 Kf7 39.Bb6 Ke6 40.Ne3 Bd3 41.
Nc2 Kd5 42.Ne3+ Kc6 43.Bd8 f5 44.Ke1 f4 45.Nd1 Bb5 46.Nc3 Nc5 47.Nxb5 Kxb5
48.Kd2 Kc4 49.Be7 Ne6 50.Bd6 Kd4 51.Bb4 Kc4 52.Bd6 Kd4 53.Bb4 Kc4 1/2-1/2

[Event "35th WCh U20 Girls"]
[Site "Tarvisio ITA"]
[Date "2017.11.19"]
[Round "6"]
[White "Vernet, Solene"]
[Black "Srdanovic, Jovana"]
[Result "0-1"]
[WhiteElo "1862"]
[BlackElo "2015"]
[EventDate "2017.11.13"]
[PlyCount "68"]

1.d4 d5 2.c4 c6 3.Nf3 Nf6 4.Qc2 e6 5.g3 Nbd7 6.Bg2 Be7 7.O-O Ne4 8.cxd5 
exd5 9.Nc3 Ndf6 10.Bf4 O-O 11.Rad1 Re8 12.Nd2 Nxd2 13.Bxd2 Bg4 14.h3 Be6 
15.e4 dxe4 16.Nxe4 Nxe4 17.Bxe4 g6 18.Kh2 Bd5 19.Rfe1 Bf6 20.Bf4 Bxe4 21.
Rxe4 Qd5 22.Be5 Bd8 23.Rg4 Re6 24.f4 h5 25.f5 hxg4 26.fxe6 Qxe6 27.Rf1 c5 
28.hxg4 cxd4 29.Bxd4 Rc8 30.Qf2 Bg5 31.b3 Rd8 32.Kh3 Qd5 33.Bxa7 Kg7 34.
Bb6 Rh8# 0-1

[Event "35th WCh U20 Girls"]
[Site "Tarvisio ITA"]
[Date "2017.11.19"]
[Round "6"]
[White "Vanduyfhuys, Daria"]
[Black "Andolfatto, Maria"]
[Result "0-1"]
[WhiteElo "1755"]
[BlackElo "1970"]
[EventDate "2017.11.13"]
[PlyCount "162"]

1.d4 Nf6 2.c4 e6 3.Nf3 b6 4.Bg5 Be7 5.Nc3 d5 6.e3 O-O 7.cxd5 exd5 8.Bd3 c6
9.Qc2 h6 10.Bh4 Na6 11.a3 Nc7 12.O-O Ne6 13.Ne5 Bb7 14.Rac1 Rc8 15.Qa4 a5 
16.Bb1 Re8 17.Qc2 Nf8 18.Qb3 b5 19.Bf5 Ne6 20.Ne2 Nd7 21.Bg3 Nxe5 22.Bxe5 
Bd6 23.Bxd6 Qxd6 24.Nf4 Nxf4 25.exf4 Rcd8 26.g3 Bc8 27.Bxc8 Rxc8 28.Rc5 a4
29.Qc3 Rc7 30.Rc1 Rec8 31.Qe3 Kf8 32.f3 Re8 33.Qd3 Kg8 34.Qc3 Rec8 35.Kf2 
Qe6 36.Qe3 Qh3 37.Kg1 Qd7 38.Re1 Kf8 39.Qd3 Kg8 40.f5 Re8 41.Kf2 Rxe1 42.
Kxe1 Rb7 43.Qc2 Rc7 44.Kf2 Qd6 45.Qc1 Qf6 46.Qc3 Qd6 47.Kg2 Qd7 48.Qc2 Qd6
49.Qc3 Qd7 50.g4 Qd6 51.Qe3 Re7 52.Qf2 Rb7 53.Qd2 Re7 54.Rc1 Rc7 55.Qb4 
Qf4 56.Re1 Rc8 57.Re7 h5 58.gxh5 Qg5+ 59.Kh1 Qxf5 60.Qc3 Qxh5 61.Qe3 Kf8 
62.Re5 Qh3 63.Qe2 Qd7 64.Rh5 f6 65.f4 Kf7 66.f5 Qe7 67.Qxe7+ Kxe7 68.Rh3 
c5 69.Rg3 Kf7 70.Rc3 c4 71.Kg2 b4 72.axb4 Rb8 73.Rc2 Rxb4 74.Rd2 Rb3 75.
Kf2 Rh3 76.Ke1 Rf3 77.Kd1 Rxf5 78.Kc2 Rf3 79.Kd1 Re3 80.Kc2 g5 81.Kd1 f5 
0-1

[Event "35th WCh U20 Girls"]
[Site "Tarvisio ITA"]
[Date "2017.11.19"]
[Round "6"]
[White "Alijanzadeh, Mohadeseh"]
[Black "Jayaweera, Sayuni Gihansa"]
[Result "1-0"]
[WhiteElo "1930"]
[BlackElo "1745"]
[EventDate "2017.11.13"]
[PlyCount "63"]

1.e4 c5 2.Ne2 g6 3.g3 Bg7 4.Bg2 Nc6 5.O-O Nf6 6.c3 d5 7.d3 O-O 8.Bg5 dxe4 
9.dxe4 Ne5 10.Na3 Qxd1 11.Raxd1 Bg4 12.f3 Be6 13.b3 Rfd8 14.Nf4 Bd7 15.
Bxf6 exf6 16.Nd5 Kf8 17.f4 Nc6 18.Nc2 Ne7 19.Nce3 Bc6 20.c4 b5 21.Nc7 Rab8
22.cxb5 Rdc8 23.Na6 Bxb5 24.Nxb8 Bxf1 25.Nd7+ Ke8 26.Bxf1 Nc6 27.Nxc5 Bf8 
28.Na4 Be7 29.Bb5 Ba3 30.Nc4 Be7 31.Nd6+ Bxd6 32.Rxd6 1-0

[Event "35th WCh U20 Girls"]
[Site "Tarvisio ITA"]
[Date "2017.11.19"]
[Round "6"]
[White "Koljevic, Nikolina"]
[Black "Figueroa Bernal, Julia Dennis"]
[Result "0-1"]
[WhiteElo "1837"]
[BlackElo "1690"]
[EventDate "2017.11.13"]
[PlyCount "80"]

1.e4 c5 2.Nf3 e6 3.d4 cxd4 4.Nxd4 a6 5.Nc3 Qc7 6.Qf3 Nf6 7.Qg3 Qxg3 8.hxg3
Bb4 9.Bd3 Nc6 10.Nxc6 bxc6 11.f3 d5 12.exd5 cxd5 13.Bd2 Bd6 14.g4 Nd7 15.
O-O-O Ne5 16.Be2 Ng6 17.Kb1 Bf4 18.Bxf4 Nxf4 19.g3 Nxe2 20.Nxe2 Bb7 21.f4 
Rd8 22.Rhe1 Kd7 23.Nd4 Kd6 24.Rd3 h5 25.gxh5 Rxh5 26.Nf3 f6 27.Rde3 Bc8 
28.Kc1 Rdh8 29.Nh4 R8h6 30.Nf3 Rh1 31.Kd2 Rxe1 32.Kxe1 Bd7 33.b3 Rh1+ 34.
Kd2 Rh3 35.Ng1 Rh2+ 36.Kd3 e5 37.Ne2 Bf5+ 38.Kd2 d4 39.fxe5+ fxe5 40.Rf3 
Bg4 0-1

[Event "35th WCh U20 Girls"]
[Site "Tarvisio ITA"]
[Date "2017.11.19"]
[Round "6"]
[White "Samudin, Elina"]
[Black "Magpily, Francois Marie"]
[Result "1/2-1/2"]
[WhiteElo "1806"]
[BlackElo "1836"]
[EventDate "2017.11.13"]
[PlyCount "97"]

1.e4 e5 2.Nf3 f5 3.Nxe5 Qf6 4.d4 d6 5.Nc4 fxe4 6.Nc3 Qg6 7.Nd5 Qf7 8.Nce3 
c6 9.Nc3 d5 10.Be2 Nf6 11.f3 exf3 12.Bxf3 Bd6 13.O-O O-O 14.Bd2 Be6 15.Ne2
Nbd7 16.Be1 Bc7 17.Bg3 Nb6 18.Bxc7 Qxc7 19.Ng3 Rae8 20.Qd2 Bf7 21.Rae1 c5 
22.c3 Bg6 23.Kh1 c4 24.Nef5 Qd7 25.Qg5 Ne4 26.Bxe4 dxe4 27.Ne3 Qc7 28.
Rxf8+ Rxf8 29.Rf1 Rxf1+ 30.Ngxf1 Be8 31.Ng3 Qc6 32.Ngf5 Qf6 33.Qxf6 gxf6 
34.Nd6 Bc6 35.Ndxc4 Na4 36.d5 Bb5 37.Nd6 Bd3 38.Nxb7 Nxb2 39.d6 Bb5 40.Nc5
Kf7 41.d7 Ke7 42.Nd5+ Kd8 43.Nxe4 f5 44.Nef6 h6 45.Kg1 Bxd7 46.Nxd7 Kxd7 
47.Ne3 Ke6 48.Kf1 f4 49.Nc2 1/2-1/2

[Event "35th WCh U20 Girls"]
[Site "Tarvisio ITA"]
[Date "2017.11.19"]
[Round "6"]
[White "Cui, Cynthia"]
[Black "Caxita, Esperanca"]
[Result "1-0"]
[WhiteElo "1553"]
[BlackElo "1865"]
[EventDate "2017.11.13"]
[PlyCount "65"]

1.c4 c6 2.d4 d5 3.cxd5 cxd5 4.Bf4 Nc6 5.e3 e6 6.Nc3 a6 7.Bd3 Nf6 8.Nge2 
Be7 9.h3 Qb6 10.a3 Bd7 11.Qc2 Rc8 12.O-O O-O 13.Rac1 Na5 14.b4 Nc4 15.Ra1 
a5 16.bxa5 Qxa5 17.a4 Bb4 18.Rfc1 Rc6 19.Qb3 Rfc8 20.e4 Bxc3 21.Nxc3 Rb6 
22.Qc2 Rb2 23.Qd1 Nb6 24.Bd2 Qa7 25.e5 Ne8 26.Nb5 Qb8 27.Bc3 Rxc3 28.Rxc3 
Rb4 29.Rca3 g6 30.Qd2 Rxb5 31.axb5 Nc7 32.Qb4 Qe8 33.Qc5 1-0

[Event "35th WCh U20 Girls"]
[Site "Tarvisio ITA"]
[Date "2017.11.19"]
[Round "6"]
[White "Vangsgard, Freja"]
[Black "Zairbek Kyzy, Begimay"]
[Result "1-0"]
[WhiteElo "2035"]
[BlackElo "1599"]
[EventDate "2017.11.13"]
[PlyCount "53"]

1.d4 Nf6 2.c4 e6 3.Nc3 d5 4.cxd5 exd5 5.Bg5 Be7 6.e3 O-O 7.Qc2 b6 8.Bd3 h6
9.Bh4 c5 10.Nf3 Nc6 11.a3 Be6 12.O-O c4 13.Be2 Na5 14.Ne5 Nb3 15.Rad1 Rc8 
16.f4 Rc7 17.Nb5 Rb7 18.Nc3 Rc7 19.Bf3 Qc8 20.Bxf6 gxf6 21.Ng6 fxg6 22.
Qxg6+ Kh8 23.Qxh6+ Kg8 24.f5 Bxf5 25.Bxd5+ Be6 26.Qg6+ Kh8 27.Rf4 1-0

[Event "35th WCh U20 Girls"]
[Site "Tarvisio ITA"]
[Date "2017.11.19"]
[Round "6"]
[White "February, Jesse Nikki"]
[Black "Louka, Magdalini"]
[Result "0-1"]
[WhiteElo "1874"]
[BlackElo "1955"]
[EventDate "2017.11.13"]
[PlyCount "86"]

1.e4 c5 2.Nf3 g6 3.d4 cxd4 4.Qxd4 Nf6 5.e5 Nc6 6.Qa4 Nd5 7.Qe4 Nb6 8.Bf4 
Bg7 9.Nc3 O-O 10.O-O-O d6 11.exd6 Bf5 12.dxe7 Qxe7 13.Qxe7 Nxe7 14.Be5 
Bh6+ 15.Kb1 Nc6 16.Bd6 Rfd8 17.Bb5 Rac8 18.Nh4 Be6 19.Ne4 Bg7 20.Bc5 Nd4 
21.Bxd4 Bxd4 22.Nf3 Bg7 23.Nd6 Rc5 24.Be2 Rd7 25.Ne4 Ra5 26.a3 Rad5 27.
Rxd5 Rxd5 28.Rd1 Rxd1+ 29.Bxd1 Nc4 30.c3 Bd5 31.Bc2 f5 32.Nc5 Bxf3 33.gxf3
Nd2+ 34.Kc1 Nxf3 35.Nxb7 Nxh2 36.Kd2 h5 37.b4 h4 38.Bb3+ Kf8 39.Bd5 Ng4 
40.Nd8 Ke7 41.Ne6 Bh6+ 42.f4 Nf6 43.Nc7 Bxf4+ 0-1

[Event "35th WCh U20 Girls"]
[Site "Tarvisio ITA"]
[Date "2017.11.19"]
[Round "6"]
[White "Greibrokk, Ingrid"]
[Black "Bilguun, Bayaraa"]
[Result "1-0"]
[WhiteElo "1868"]
[BlackElo "1147"]
[EventDate "2017.11.13"]
[PlyCount "125"]

1.c4 c5 2.g3 Nf6 3.Bg2 e5 4.Nc3 d6 5.e3 Nc6 6.Nge2 Bd7 7.O-O Be7 8.b3 b6 
9.Bb2 O-O 10.Nd5 Rc8 11.Nec3 Be6 12.h3 Bxd5 13.Nxd5 Nb4 14.Nxe7+ Qxe7 15.
d3 Rfd8 16.e4 Nc6 17.Kh2 Nd4 18.f4 Qd7 19.f5 b5 20.g4 bxc4 21.bxc4 Rb8 22.
Bxd4 cxd4 23.g5 Ne8 24.f6 g6 25.h4 Rb2 26.h5 Nc7 27.hxg6 fxg6 28.f7+ Kg7 
29.Qf3 Qe7 30.c5 Ne6 31.Qf6+ Qxf6 32.Rxf6 Nf4 33.Rg1 dxc5 34.Kh1 Rb6 35.
Rxb6 axb6 36.Rb1 Nxg2 37.Kxg2 Kxf7 38.Rxb6 Ra8 39.Rb2 Ra7 40.Kf3 Kg7 41.
Rc2 Ra5 42.Kg4 h5+ 43.gxh6+ Kxh6 44.Rh2+ Kg7 45.Kg5 Ra6 46.Rb2 Ra7 47.a4 
Rc7 48.a5 Ra7 49.Rb5 Ra6 50.Rxc5 Re6 51.Rb5 Re8 52.Rb7+ Kg8 53.a6 Ra8 54.
a7 Rxa7 55.Rxa7 Kf8 56.Kxg6 Ke8 57.Kf6 Kd8 58.Ke6 Kc8 59.Kd6 Kb8 60.Rh7 
Ka8 61.Kc6 Kb8 62.Rg7 Ka8 63.Kb6 1-0

[Event "35th WCh U20 Girls"]
[Site "Tarvisio ITA"]
[Date "2017.11.19"]
[Round "6"]
[White "Braganza, Nadia"]
[Black "Ganzova, Veronika"]
[Result "0-1"]
[WhiteElo "1536"]
[BlackElo "1633"]
[EventDate "2017.11.13"]
[PlyCount "112"]

1.e4 e5 2.Nf3 Nc6 3.Bc4 Bc5 4.O-O Nf6 5.d3 d6 6.c3 O-O 7.a4 a6 8.Na3 d5 9.
exd5 Nxd5 10.Re1 Re8 11.Nc2 Nb6 12.Ba2 Bf5 13.b4 Bd6 14.Ng5 Bg6 15.Qf3 Rf8
16.Bb3 Be7 17.Ne4 Nd7 18.Bb2 Kh8 19.Ng3 Nf6 20.Nf5 Qd7 21.Nxe7 Qxe7 22.Bc4
Qd6 23.Qh3 Rab8 24.Rad1 Qd7 25.Qxd7 Nxd7 26.Ne3 Nb6 27.Bb3 Rbd8 28.a5 Nc8 
29.Bc2 Rd7 30.Nc4 f6 31.Re3 Rfd8 32.h3 N8e7 33.g4 Nd5 34.Rg3 Nf4 35.Bc1 
Ne2+ 36.Kg2 Nxg3 37.Kxg3 Bxd3 38.Bxd3 Rxd3+ 39.Rxd3 Rxd3+ 40.Be3 Rxc3 41.
Nd2 Nxb4 42.Ne4 Ra3 43.Nc5 Nc2 44.Kf3 Nxe3 45.fxe3 Rxa5 46.Nxb7 Rb5 47.Nd8
Rb6 48.g5 Kg8 49.gxf6 gxf6 50.Ke4 a5 51.Kf5 a4 52.Ne6 Rxe6 53.Kxe6 Kg7 54.
Kd5 a3 55.Kc6 a2 56.Kxc7 a1=Q 0-1

[Event "35th WCh U20 Girls"]
[Site "Tarvisio ITA"]
[Date "2017.11.20"]
[Round "7"]
[White "Abdumalik, Zhansaya"]
[Black "Khomeriki, Nino"]
[Result "1-0"]
[WhiteElo "2428"]
[BlackElo "2347"]
[EventDate "2017.11.13"]
[PlyCount "41"]

1.e4 e5 2.Nf3 Nc6 3.Bb5 a6 4.Ba4 Nf6 5.O-O Nxe4 6.d4 b5 7.Bb3 d5 8.dxe5 
Be6 9.c3 Bc5 10.Nbd2 O-O 11.Bc2 Nxf2 12.Rxf2 f6 13.exf6 Qxf6 14.Nb3 Bxf2+ 
15.Kxf2 Ne5 16.Kg3 g5 17.Qd4 h5 18.Bxg5 h4+ 19.Qxh4 Qg7 20.Nbd4 Nxf3 21.
gxf3 1-0